000
00323nam a2200145Ia 4500
100
_a
Hayt/William H/ Kemmerly/ J.E.
250
_a
6
942
_c
BK
654
_a
circuit
245
_a
Engineering Circuit Analysis
260
_b
Tata Mc Graw hill
_c
2002
082
_a
621.3815
_b
HAY
300
_a
706
546
_a
ENGLISH
999
_c
24564
_d
24564